000 00538nam a2200217Ia 4500
003 OSt
005 20220924134022.0
006 a|||||r|||| 00| 0
007 ta
008 220923b |||||||| |||| 00| 0 snd d
024 _a271813
037 _cTextual
040 _aARTS
_cARTS
_bsnd
041 _2snd
_asnd
082 _aO152,3N22,SH, 1593H7
100 _aPrasad
_9207924
245 0 _aSharda Hemrayani
260 _c1947
942 _hO152,3N22,SH, 1593H7
_cTEXL
_2CC
999 _c436159
_d436159